|
|
|
|
| LEADER |
00967nam a2200253 a 4500 |
| 001 |
2504534 |
| 008 |
100425s1993 maua b 001 0 eng d |
| 010 |
|
|
|a 92023491
|
| 020 |
|
|
|a 0201549875
|
| 040 |
|
|
|a DLC
|c DLC
|d DLC
|d DB-DhAAL
|
| 082 |
0 |
0 |
|a 621.319/2
|2 20
|
| 100 |
1 |
|
|a Nilsson, James William.
|
| 245 |
1 |
0 |
|a Electric circuits /
|c James W. Nilsson with contributions by Susan A. Riedel ... [et al.].
|
| 250 |
|
|
|a 4th ed.
|
| 260 |
|
|
|a Reading, Mass. :
|b Addison-Wesley Pub. Co.,
|c 1993.
|
| 300 |
|
|
|a xxiv, 923 p. :
|b ill. (some col.) ;
|c 25 cm.
|
| 490 |
0 |
|
|a Addison-Wesley series in electrical and computer engineering
|
| 541 |
1 |
|
|e 00010280
|
| 650 |
|
0 |
|a Electric circuits.
|
| 700 |
1 |
|
|a Riedel, Susan A.
|
| 852 |
4 |
|
|a Ayesha Abed Library
|j General Shelf.
|
| 942 |
0 |
0 |
|0 1
|
| 999 |
|
|
|c 8221
|d 8221
|
| 952 |
|
|
|0 0
|1 0
|2 ddc
|4 0
|6 621_319200000000000_NIL_1993
|7 0
|9 9414
|a BRACUL
|b BRACUL
|c GEN
|d 2010-04-25
|l 31
|m 223
|o 621.3192 NIL
|p 3010010280
|r 2024-12-22
|s 2024-12-08
|t 1
|w 2010-04-25
|y BK
|